| 000 | 00676nam a2200205 a 4500 | ||
|---|---|---|---|
| 003 | OSt | ||
| 005 | 20240226152331.0 | ||
| 008 | 180220t2007 pk | |||| 000 d urd d | ||
| 020 | _a9693519663 | ||
| 040 | _c0 | ||
| 082 |
_a891.4392 _bISH 2007 |
||
| 100 | 1 |
_aاشفاق احمد _948655 |
|
| 245 | 1 | 0 |
_aبندہٓ زمانہ: _bتلقين شاہ _cIshfaq Ahmad |
| 246 |
_aBanda i Zamana: _bTalqeen shah |
||
| 260 |
_aLahor: _bSang e Meel Pub; _c2007. |
||
| 300 | _a360 p. | ||
| 650 |
_aUrdu literature _vRadio Drama(Talqeen Shah) _9121342 |
||
| 942 |
_2ddc _cBK _aSADA _k891.4392 ISH 2007 |
||
| 999 |
_c608244 _d608244 |
||